Catálogo
 En Linea

Primer congreso Nacional de desarrollo de la comunidad: (Registro nro. 53421)

Detalles MARC
000 -CABECERA
campo de control de longitud fija 01701nam a2200253 i 4500
003 - IDENTIFICADOR DEL NÚMERO DE CONTROL
campo de control DO-SdBNP
005 - FECHA Y HORA DE LA ÚLTIMA TRANSACCIÓN
campo de control 20230504142851.0
006 - CÓDIGOS DE INFORMACIÓN DE LONGITUD FIJA--CARACTERÍSTICAS DEL MATERIAL ADICIONAL
campo de control de longitud fija a||||gr|||| 00| 0
007 - CAMPO FIJO DE DESCRIPCIÓN FÍSICA--INFORMACIÓN GENERAL
campo de control de longitud fija ta
008 - DATOS DE LONGITUD FIJA--INFORMACIÓN GENERAL
campo de control de longitud fija 230504e1976 dr ||||gr|||| 001 0 spa d
040 ## - FUENTE DE LA CATALOGACIÓN
Centro catalogador/agencia de origen DO-SdBNP
Lengua de catalogación spa
Centro/agencia transcriptor BNPHU
Normas de descripción rda
082 #4 - NÚMERO DE LA CLASIFICACIÓN DECIMAL DEWEY
Número de edición 22
Número de documento/Ítem P953c
111 1# - ENTRADA PRINCIPAL--NOMBRE DE CONGRESO/REUNIÓN
Nombre de congreso/reunión o jurisdicción como elemento de entrada Primer congreso Nacional de Desarrollo de la Comunidad
Número del congreso/reunión o número de parte o sección (1° :
Fecha del congreso/reunión 1976:
Sede del congreso/Lugar de la reunión Santo Domingo)
9 (RLIN) 83324
245 10 - MENCIÓN DE TÍTULO
Título Primer congreso Nacional de desarrollo de la comunidad:
Resto del título "el gobierno en los programas de desarrollo de la comunidad". /
Mención de responsabilidad, etc. Radhames de los Santos
264 ## - PRODUCCIÓN, PUBLICACIÓN, DISTRIBUCIÓN, FABRICACIÓN Y COPYRIGHT
Producción, publicación, distribución, fabricación y copyright Santo Domingo :
Nombre del de productor, editor, distribuidor, fabricante Centro de Investigación, Formación y Asesoría Social (CIFAS),
-- Cruzada de Amor,
Fecha de producción, publicación, distribución, fabricación o copyright 1976
300 ## - DESCRIPCIÓN FÍSICA
Extensión [113] páginas ;
Dimensiones 27 cm.
336 ## - TIPO DE CONTENIDO
Fuente rdaconten
Término de tipo de contenido texto
Código de tipo de contenido txt
337 ## - TIPO DE MEDIO
Fuente rdamedia
Nombre/término del tipo de medio sin medición
Código del tipo de medio n
338 ## - TIPO DE SOPORTE
Fuente rdacarrier
Nombre/término del tipo de soporte volumen
Código del tipo de soporte nc
505 ## - NOTA DE CONTENIDO CON FORMATO
Nota de contenido con formato Preambulo.
Título I.- Ponencia del Lic. Radhamés de los Santos, Asistente del Departamento de Programación y Estudios de la O. D. G.--
-- II- Ponencia de la Lic. Quisqueya Alt. Rivas Jerez, Directora Ejecutiva del CIFAS.--
-- III- Ponencia del Lic. Lorenzo Antonio Coste, Encargado de la Sección de Supervisión Campesina del I. A. D.--
-- IV- Ponencia de la Sra. Calina Ogando, Técnico en Desarrollo Comunal, Cruzada de Amor.--
-- V- Ponencia del Sr. Manuel H. Figuereo, - Técnico en Desarrollo Comunal, Secretaría de Estado de Agricultura.--
-- VI- Ponencia del Sr Rómulo Tiburcio.-- I. D. S. S.--
-- VII -Ponencia del Sr. William Mackinny, Técnico en Desarrollo Comunal. Secretaría de Estado de Agricultura.--
-- VIII - Conclusiones Generales del Congreso.
590 ## - NOTA LOCAL (RLIN)
Nota local Inventariado 2023 / MF
700 1# - PUNTO DE ACCESO ADICIONAL--NOMBRE DE PERSONA
Nombre de persona Santos, Radhames, de
9 (RLIN) 83325
942 ## - ELEMENTOS DE PUNTO DE ACCESO ADICIONAL (KOHA)
Fuente del sistema de clasificación o colocación Dewey Decimal Classification
Tipo de ítem Koha Libro
Existencias
Estado de retiro Estado de pérdida Fuente del sistema de clasificación o colocación Restricciones de uso No para préstamo Código de colección Localización permanente Ubicación/localización actual Ubicación en estantería Fecha de adquisición Total de préstamos Signatura topográfica completa Código de barras Fecha visto por última vez Precio válido a partir de Tipo de ítem Koha
    Dewey Decimal Classification Excluido de préstamo   Patrimonio Dominicano Biblioteca Nacional Pedro Henríquez Ureña Biblioteca Nacional Pedro Henríquez Ureña En catalogación 04.05.2023   P953c 2023-1599 04.05.2023 04.05.2023 Libro

Con tecnología Koha